Cities in the US - Sudden Death - Statistics

General Stats
  • This quiz has been taken 270 times
  • The average score is 13 of 16
Answers on the Grid
Answers color-coded by a green-red scale on the quiz's grid according to % correct below.
Albuquerque
Auckland
Baltimore
Belgrade
Budapest
Charlotte
Chicago
Cork
Dallas
Denver
Dublin
El Paso
Fresno
Havana
Houston
Las Vegas
Leeds
Liverpool
London
Melbourne
Miami
Milwaukee
Minneapolis
Monterrey
Montreal
Nashville
New York City
Phoenix
Sydney
Toronto
Wellington
Winnipeg
 
Answer Stats
Answer % Correct
Dallas
92%
Miami
90%
Baltimore
88%
Chicago
88%
Las Vegas
88%
Nashville
86%
Albuquerque
85%
Denver
85%
Minneapolis
85%
Phoenix
83%
Charlotte
81%
Houston
81%
New York City
81%
Milwaukee
80%
El Paso
75%
Fresno
66%
No matching quizzes found
Score Distribution
Percent of People with Each Score
Percentile by Number Answered
Your Score History
You have not taken this quiz